000 00733nam a2200229Ia 4500
008 131103s9999 xx 000 0 und d
020 _a80062733
_c12s.net 60 p.
040 _aLoreto College
041 _aEnglish
082 _a178.8/LEE
_bLCLIB/21647
100 _aLeech,Kenneth
245 _aDrugs for young people
_b their use and misuse
_cKenneth Leech and Brendo Jordan
260 _aOxford
_bThe Religious Education Press
_c1967 (1970 printing)
300 _a136 p.
_c 18 cm.
504 _aFirst Published 1967,fourth impression with revisions August 1970
630 _aEthics Of Consumption
650 _aConsumption Of Narcatics
651 _aEthics
700 _aJordon,Brenda
850 _aLCLIB
942 _cBK
999 _c11536
_d62015